[Event "DEM U10w 2022"]
[Site "Willingen GER"]
[Date "2022.06.06"]
[Round "3"]
[White "Burchardi, Helena"]
[Black "Frydel, Helena"]
[Result "0-1"]
[Termination "normal"]
[Board "5"]
[WhiteElo "802"]
[BlackElo "1141"]
[WhiteClock "01:10:50"]
[BlackClock "00:28:22"]
[PlyCount "166"]
[WhiteFideId "34636374"]
[BlackFideId "16266536"]
[EventCountry "GER"]
[EventRounds "11"]
[EventType "swiss"]
[EventDate "2022.06.04"]

1. e4 {[%clk 01:15:57]} {[%emt 00:00:02]} e5 {[%clk 01:15:56]} {[%emt
00:00:05]} 2. Nf3 {[%clk 01:16:18]} {[%emt 00:00:07]} Nf6 {[%clk 01:16:19]}
{[%emt 00:00:07]} 3. Nxe5 {[%clk 01:16:39]} {[%emt 00:00:10]} d6 {[%clk
01:16:43]} {[%emt 00:00:06]} 4. Nf3 {[%clk 01:16:57]} {[%emt 00:00:11]} Nxe4
{[%clk 01:17:06]} {[%emt 00:00:07]} 5. Nc3 {[%clk 01:17:18]} {[%emt 00:00:10]}
Nxc3 {[%clk 01:17:30]} {[%emt 00:00:07]} 6. dxc3 {[%clk 01:17:37]} {[%emt
00:00:11]} Be7 {[%clk 01:15:49]} {[%emt 00:02:06]} 7. Bd3 {[%clk 01:17:49]}
{[%emt 00:00:21]} Nc6 {[%clk 01:15:01]} {[%emt 00:01:16]} 8. Be3 {[%clk
01:18:06]} {[%emt 00:00:14]} d5 {[%clk 01:14:32]} {[%emt 00:00:55]} 9. Qd2
{[%clk 01:18:13]} {[%emt 00:00:28]} Bg4 {[%clk 01:14:32]} {[%emt 00:00:21]} 10.
Nd4 {[%clk 01:16:05]} {[%emt 00:02:48]} Nxd4 {[%clk 01:09:20]} {[%emt
00:05:43]} 11. Bxd4 {[%clk 01:16:15]} {[%emt 00:00:19]} Bf6 {[%clk 01:07:33]}
{[%emt 00:02:08]} 12. Qf4 {[%clk 01:14:29]} {[%emt 00:02:21]} Bxd4 {[%clk
01:06:41]} {[%emt 00:01:26]} 13. Qxd4 {[%clk 01:14:33]} {[%emt 00:00:23]} Qe7+
{[%clk 01:05:33]} {[%emt 00:01:35]} 14. Kd2 {[%clk 01:10:33]} {[%emt 00:04:36]}
Qg5+ {[%clk 01:03:29]} {[%emt 00:02:27]} 15. f4 {[%clk 01:09:35]} {[%emt
00:01:35]} Qh6 {[%clk 01:02:07]} {[%emt 00:01:32]} 16. h3 {[%clk 01:08:29]}
{[%emt 00:01:54]} Be6 {[%clk 01:02:00]} {[%emt 00:00:34]} 17. Rae1 {[%clk
01:08:35]} {[%emt 00:00:27]} c6 {[%clk 00:59:39]} {[%emt 00:02:52]} 18. Kc1
{[%clk 01:08:28]} {[%emt 00:00:37]} O-O {[%clk 00:59:07]} {[%emt 00:01:03]} 19.
Kb1 {[%clk 01:08:26]} {[%emt 00:00:31]} a5 {[%clk 00:58:34]} {[%emt 00:00:59]}
20. f5 {[%clk 01:08:13]} {[%emt 00:00:46]} Bd7 {[%clk 00:57:37]} {[%emt
00:01:18]} 21. g4 {[%clk 01:08:19]} {[%emt 00:00:33]} Rfe8 {[%clk 00:54:49]}
{[%emt 00:03:19]} 22. Rxe8+ {[%clk 01:07:58]} {[%emt 00:00:52]} Rxe8 {[%clk
00:55:12]} {[%emt 00:00:07]} 23. a3 {[%clk 01:07:51]} {[%emt 00:00:37]} f6
{[%clk 00:52:43]} {[%emt 00:02:59]} 24. h4 {[%clk 01:07:46]} {[%emt 00:00:35]}
Ra8 {[%clk 00:49:58]} {[%emt 00:03:14]} 25. Bc4 {[%clk 01:07:15]} {[%emt
00:01:01]} Rd8 {[%clk 00:47:05]} {[%emt 00:03:21]} 26. Bxd5+ {[%clk 01:06:36]}
{[%emt 00:01:11]} cxd5 {[%clk 00:45:48]} {[%emt 00:01:47]} 27. Qxd5+ {[%clk
01:06:44]} {[%emt 00:00:22]} Kh8 {[%clk 00:44:30]} {[%emt 00:03:39]} 28. Qxb7
{[%clk 01:09:00]} {[%emt 00:00:45]} Qd2 {[%clk 00:41:46]} {[%emt 00:03:09]} 29.
Qb6 {[%clk 01:08:31]} {[%emt 00:01:01]} Rc8 {[%clk 00:41:22]} {[%emt 00:00:56]}
30. Qxa5 {[%clk 01:08:26]} {[%emt 00:00:37]} Bc6 {[%clk 00:38:55]} {[%emt
00:02:56]} 31. Qa6 {[%clk 01:07:52]} {[%emt 00:01:04]} Bd7 {[%clk 00:39:12]}
{[%emt 00:00:12]} 32. h5 {[%clk 01:07:52]} {[%emt 00:00:31]} Qg2 {[%clk
00:35:38]} {[%emt 00:03:57]} 33. Rd1 {[%clk 01:07:51]} {[%emt 00:00:34]} Qc6
{[%clk 00:34:57]} {[%emt 00:01:00]} 34. Qa7 {[%clk 01:06:48]} {[%emt 00:01:48]}
Rc7 {[%clk 00:34:08]} {[%emt 00:01:15]} 35. Qb8+ {[%clk 01:06:38]} {[%emt
00:00:44]} Rc8 {[%clk 00:34:10]} {[%emt 00:00:28]} 36. Qd6 {[%clk 01:06:34]}
{[%emt 00:00:34]} Qxd6 {[%clk 00:34:29]} {[%emt 00:00:12]} 37. Rxd6 {[%clk
01:06:49]} {[%emt 00:00:15]} Bc6 {[%clk 00:34:08]} {[%emt 00:00:51]} 38. h6
{[%clk 01:06:08]} {[%emt 00:01:11]} Kg8 {[%clk 00:31:41]} {[%emt 00:02:56]} 39.
hxg7 {[%clk 01:06:24]} {[%emt 00:00:14]} Kxg7 {[%clk 00:32:01]} {[%emt
00:00:10]} 40. Rd4 {[%clk 01:06:36]} {[%emt 00:00:15]} Rg8 {[%clk 00:28:00]}
{[%emt 00:04:30]} 41. Rd6 {[%clk 01:05:50]} {[%emt 00:01:17]} Bf3 {[%clk
00:27:18]} {[%emt 00:01:13]} 42. b4 {[%clk 01:06:05]} {[%emt 00:00:18]} Bxg4
{[%clk 00:27:08]} {[%emt 00:00:39]} 43. Rd5 {[%clk 01:06:23]} {[%emt 00:00:12]}
h5 {[%clk 00:26:22]} {[%emt 00:01:13]} 44. b5 {[%clk 01:06:39]} {[%emt
00:00:18]} h4 {[%clk 00:26:47]} {[%emt 00:00:05]} 45. Rd4 {[%clk 01:06:58]}
{[%emt 00:00:08]} Kh6 {[%clk 00:24:42]} {[%emt 00:02:31]} 46. b6 {[%clk
01:07:03]} {[%emt 00:00:32]} h3 {[%clk 00:24:39]} {[%emt 00:00:30]} 47. Rd2
{[%clk 01:07:19]} {[%emt 00:00:14]} Rh8 {[%clk 00:23:44]} {[%emt 00:01:05]} 48.
a4 {[%clk 01:07:25]} {[%emt 00:00:46]} Kg5 {[%clk 00:23:57]} {[%emt 00:00:17]}
49. Rh2 {[%clk 01:07:34]} {[%emt 00:00:21]} Kf4 {[%clk 00:22:46]} {[%emt
00:01:38]} 50. a5 {[%clk 01:07:23]} {[%emt 00:00:44]} Kg3 {[%clk 00:22:40]}
{[%emt 00:00:30]} 51. Rh1 {[%clk 01:06:39]} {[%emt 00:01:20]} Kg2 {[%clk
00:21:55]} {[%emt 00:01:16]} 52. Rxh3 {[%clk 01:06:47]} {[%emt 00:00:21]} Rxh3
{[%clk 00:22:11]} {[%emt 00:00:14]} 53. Kb2 {[%clk 01:06:59]} {[%emt 00:00:19]}
Bf3 {[%clk 00:22:14]} {[%emt 00:00:26]} 54. a6 {[%clk 01:07:18]} {[%emt
00:00:11]} Rh8 {[%clk 00:22:04]} {[%emt 00:00:35]} 55. Kb3 {[%clk 01:07:31]}
{[%emt 00:00:22]} Rb8 {[%clk 00:22:04]} {[%emt 00:00:27]} 56. Kb4 {[%clk
01:07:46]} {[%emt 00:00:19]} Rxb6+ {[%clk 00:22:19]} {[%emt 00:00:15]} 57. Ka5
{[%clk 01:08:10]} {[%emt 00:00:05]} Rb2 {[%clk 00:21:51]} {[%emt 00:00:57]} 58.
a7 {[%emt 00:00:14]} Rxc2 {[%emt 00:00:15]} 59. Kb4 {[%clk 01:08:02]} {[%emt
00:00:10]} Ra2 {[%clk 00:21:50]} {[%emt 00:00:31]} 60. Kc5 {[%clk 01:07:52]}
{[%emt 00:00:40]} Rxa7 {[%clk 00:22:12]} {[%emt 00:00:08]} 61. Kd6 {[%clk
01:07:25]} {[%emt 00:00:52]} Ra6+ {[%clk 00:22:19]} {[%emt 00:00:28]} 62. Ke7
{[%clk 01:07:18]} {[%emt 00:00:33]} Be4 {[%clk 00:22:31]} {[%emt 00:00:23]} 63.
c4 {[%clk 01:07:19]} {[%emt 00:00:28]} Bxf5 {[%clk 00:22:56]} {[%emt 00:00:05]}
64. c5 {[%clk 01:07:30]} {[%emt 00:00:20]} Be4 {[%clk 00:23:13]} {[%emt
00:00:12]} 65. Kd7 {[%clk 01:07:44]} {[%emt 00:00:16]} f5 {[%clk 00:23:38]}
{[%emt 00:00:06]} 66. c6 {[%clk 01:08:02]} {[%emt 00:00:12]} Rxc6 {[%clk
00:23:36]} {[%emt 00:00:32]} 67. Ke7 {[%clk 01:08:15]} {[%emt 00:00:16]} f4
{[%clk 00:24:01]} {[%emt 00:00:05]} 68. Kd7 {[%clk 01:08:33]} {[%emt 00:00:13]}
f3 {[%clk 00:24:23]} {[%emt 00:00:07]} 69. Ke7 {[%clk 01:08:55]} {[%emt
00:00:08]} f2 {[%clk 00:24:43]} {[%emt 00:00:09]} 70. Kd7 {[%clk 01:09:19]}
{[%emt 00:00:07]} f1=Q {[%clk 00:25:04]} {[%emt 00:00:08]} 71. Ke7 {[%clk
01:09:41]} {[%emt 00:00:10]} Re6+ {[%clk 00:25:24]} {[%emt 00:00:08]} 72. Kxe6
{[%clk 01:09:55]} {[%emt 00:00:17]} Bd5+ {[%clk 00:25:50]} {[%emt 00:00:05]}
73. Kxd5 {[%clk 01:10:12]} {[%emt 00:00:12]} Qf4 {[%clk 00:26:11]} {[%emt
00:00:09]} 74. Kc5 {[%clk 01:10:32]} {[%emt 00:00:10]} Qe4 {[%clk 00:26:35]}
{[%emt 00:00:07]} 75. Kd6 {[%clk 01:10:49]} {[%emt 00:00:12]} Qf5 {[%clk
00:26:17]} {[%emt 00:00:48]} 76. Kc7 {[%emt 00:00:09]} Qe6 {[%emt 00:00:05]}
77. Kb7 {[%clk 01:10:45]} {[%emt 00:00:11]} Qd6 {[%clk 00:26:44]} {[%emt
00:00:12]} 78. Ka8 {[%clk 01:11:05]} {[%emt 00:00:10]} Qd7 {[%clk 00:27:03]}
{[%emt 00:00:11]} 79. Kb8 {[%clk 01:11:27]} {[%emt 00:00:08]} Kf3 {[%clk
00:27:25]} {[%emt 00:00:08]} 80. Ka8 {[%emt 00:00:08]} Ke4 {[%emt 00:00:07]}
81. Kb8 {[%clk 01:11:26]} {[%emt 00:00:15]} Kd5 {[%clk 00:27:54]} {[%emt
00:00:02]} 82. Ka8 {[%clk 01:11:48]} {[%emt 00:00:09]} Kc6 {[%clk 00:28:22]}
{[%emt 00:00:02]} 83. Kb8 {[%clk 01:10:50]} {[%emt 00:01:26]} Qb7# {[%emt
00:00:20]} 0-1

[Event "DEM U10w 2022"]
[Site "Willingen GER"]
[Date "2022.06.06"]
[Round "3"]
[White "Dominick, Johanna"]
[Black "Englert, Ann"]
[Result "1/2-1/2"]
[Termination "normal"]
[Board "6"]
[WhiteElo "1431"]
[BlackElo "1059"]
[WhiteClock "00:57:14"]
[BlackClock "00:52:43"]
[PlyCount "79"]
[WhiteFideId "16296532"]
[BlackFideId "34606181"]
[EventCountry "GER"]
[EventRounds "11"]
[EventType "swiss"]
[EventDate "2022.06.04"]

1. d4 {[%clk 01:15:59]} d5 {[%clk 01:15:53]} {[%emt 00:00:07]} 2. Nf3 {[%clk
01:16:25]} {[%emt 00:00:04]} Nf6 {[%clk 01:16:06]} {[%emt 00:00:18]} 3. e3
{[%clk 01:16:49]} {[%emt 00:00:07]} Nc6 {[%clk 01:15:48]} {[%emt 00:00:47]} 4.
c3 {[%clk 01:17:04]} {[%emt 00:00:15]} e6 {[%clk 01:14:18]} {[%emt 00:01:59]}
5. Bd3 {[%clk 01:17:23]} {[%emt 00:00:11]} Bd6 {[%clk 01:14:24]} {[%emt
00:00:24]} 6. Nbd2 {[%clk 01:17:37]} {[%emt 00:00:17]} O-O {[%clk 01:14:33]}
{[%emt 00:00:20]} 7. O-O {[%clk 01:17:58]} {[%emt 00:00:09]} Bd7 {[%clk
01:11:37]} {[%emt 00:03:26]} 8. e4 {[%clk 01:17:58]} {[%emt 00:00:30]} dxe4
{[%clk 01:11:55]} {[%emt 00:00:12]} 9. Nxe4 {[%clk 01:18:21]} {[%emt 00:00:08]}
Nxe4 {[%clk 01:12:12]} {[%emt 00:00:13]} 10. Bxe4 {[%clk 01:18:42]} {[%emt
00:00:09]} Qc8 {[%clk 01:08:59]} {[%emt 00:03:42]} 11. Qc2 {[%clk 01:18:45]}
{[%emt 00:00:27]} g6 {[%clk 01:09:12]} {[%emt 00:00:17]} 12. Bh6 {[%clk
01:15:22]} {[%emt 00:03:52]} Re8 {[%clk 01:08:58]} {[%emt 00:00:43]} 13. Nh4
{[%clk 01:12:52]} {[%emt 00:02:57]} f5 {[%clk 01:07:51]} {[%emt 00:01:43]} 14.
Bd3 {[%clk 01:13:02]} {[%emt 00:00:18]} Bf8 {[%clk 01:06:53]} {[%emt 00:01:26]}
15. Bd2 {[%clk 01:12:46]} {[%emt 00:00:49]} Bg7 {[%clk 01:06:16]} {[%emt
00:01:07]} 16. Qc1 {[%clk 01:12:48]} {[%emt 00:00:27]} Qd8 {[%clk 01:05:58]}
{[%emt 00:00:38]} 17. Nf3 {[%clk 01:10:12]} {[%emt 00:03:17]} Bc8 {[%clk
01:02:18]} {[%emt 00:04:11]} 18. Bh6 {[%clk 01:10:30]} {[%emt 00:00:09]} e5
{[%clk 01:02:19]} {[%emt 00:00:31]} 19. Bc4+ {[%clk 01:09:53]} {[%emt
00:01:07]} Be6 {[%clk 01:01:48]} {[%emt 00:00:58]} 20. Bg5 {[%clk 01:09:11]}
{[%emt 00:00:52]} Qd7 {[%clk 00:59:50]} {[%emt 00:02:49]} 21. Bxe6+ {[%clk
01:09:10]} {[%emt 00:00:32]} Rxe6 {[%clk 00:59:24]} {[%emt 00:00:56]} 22. dxe5
{[%clk 01:05:30]} {[%emt 00:04:11]} Nxe5 {[%clk 00:58:32]} {[%emt 00:01:21]}
23. Nxe5 {[%clk 01:05:22]} {[%emt 00:00:39]} Rxe5 {[%clk 00:58:41]} {[%emt
00:00:20]} 24. Rd1 {[%clk 01:05:18]} {[%emt 00:00:32]} Qc6 {[%clk 00:56:13]}
{[%emt 00:02:49]} 25. Rd3 {[%clk 01:03:31]} {[%emt 00:02:21]} Rae8 {[%clk
00:55:04]} {[%emt 00:01:44]} 26. Re3 {[%clk 01:02:09]} {[%emt 00:01:44]} Rxe3
{[%clk 00:54:58]} {[%emt 00:00:48]} 27. Bxe3 {[%clk 01:02:27]} {[%emt
00:00:12]} a6 {[%clk 00:54:40]} {[%emt 00:00:48]} 28. Qc2 {[%clk 01:02:29]}
{[%emt 00:00:24]} Rd8 {[%clk 00:54:12]} {[%emt 00:00:56]} 29. Rd1 {[%clk
01:02:13]} {[%emt 00:00:50]} Rxd1+ {[%clk 00:54:09]} {[%emt 00:00:34]} 30. Qxd1
{[%clk 01:00:16]} {[%emt 00:02:28]} Qc4 {[%emt 00:03:08]} 31. Qd8+ {[%clk
00:59:39]} {[%emt 00:00:07]} Kf7 {[%clk 00:52:06]} {[%emt 00:00:53]} 32. Qd7+
{[%clk 00:59:51]} {[%emt 00:00:11]} Kf8 {[%clk 00:50:46]} {[%emt 00:01:35]} 33.
Qd8+ {[%clk 00:59:06]} {[%emt 00:01:36]} Kf7 {[%clk 00:51:05]} {[%emt
00:00:11]} 34. Qd7+ {[%clk 00:59:28]} {[%emt 00:00:06]} Kf8 {[%clk 00:51:27]}
{[%emt 00:00:12]} 35. b4 {[%clk 00:57:58]} {[%emt 00:01:58]} b6 {[%clk
00:51:35]} {[%emt 00:00:23]} 36. Qd8+ {[%clk 00:57:54]} {[%emt 00:00:32]} Kf7
{[%clk 00:51:57]} {[%emt 00:00:10]} 37. Qd7+ {[%clk 00:57:53]} {[%emt
00:00:25]} Kf8 {[%clk 00:52:00]} {[%emt 00:00:34]} 38. Qd8+ {[%clk 00:57:53]}
{[%emt 00:00:29]} Kf7 {[%clk 00:52:19]} {[%emt 00:00:08]} 39. Qd7+ {[%clk
00:58:13]} {[%emt 00:00:10]} Kf8 {[%clk 00:52:43]} {[%emt 00:00:09]} 40. Qd8+
{[%clk 00:57:14]} {[%emt 00:01:29]} 1/2-1/2

[Event "DEM U10w 2022"]
[Site "Willingen GER"]
[Date "2022.06.06"]
[Round "3"]
[White "Heidtkamp, Anna"]
[Black "Margaryan, Mari"]
[Result "1-0"]
[Termination "normal"]
[Board "7"]
[WhiteElo "1163"]
[BlackElo "792"]
[WhiteClock "00:55:52"]
[BlackClock "01:13:09"]
[PlyCount "45"]
[WhiteFideId "16269012"]
[BlackFideId "16279700"]
[EventCountry "GER"]
[EventRounds "11"]
[EventType "swiss"]
[EventDate "2022.06.04"]

1. e4 {[%clk 01:15:58]} {[%emt 00:00:02]} e6 {[%clk 01:15:56]} {[%emt
00:00:05]} 2. Nf3 {[%clk 01:16:22]} {[%emt 00:00:06]} Nf6 {[%clk 01:16:14]}
{[%emt 00:00:12]} 3. Nc3 {[%clk 01:16:35]} {[%emt 00:00:17]} d5 {[%clk
01:16:36]} {[%emt 00:00:09]} 4. e5 {[%clk 01:16:10]} {[%emt 00:00:53]} Nfd7
{[%clk 01:16:50]} {[%emt 00:00:17]} 5. d4 {[%clk 01:16:28]} {[%emt 00:00:12]}
Nc6 {[%clk 01:17:11]} {[%emt 00:00:09]} 6. Bf4 {[%clk 01:16:14]} {[%emt
00:00:43]} f6 {[%clk 01:17:30]} {[%emt 00:00:12]} 7. exf6 {[%clk 01:14:53]}
{[%emt 00:01:51]} Nxf6 {[%clk 01:17:53]} {[%emt 00:00:08]} 8. Bb5 {[%clk
01:14:48]} {[%emt 00:00:35]} Bd7 {[%clk 01:18:12]} {[%emt 00:00:10]} 9. O-O
{[%clk 01:14:45]} {[%emt 00:00:32]} a6 {[%clk 01:18:38]} {[%emt 00:00:05]} 10.
Bxc6 {[%clk 01:15:10]} {[%emt 00:00:05]} Bxc6 {[%clk 01:18:59]} {[%emt
00:00:09]} 11. Ne5 {[%clk 01:15:27]} {[%emt 00:00:13]} Bb5 {[%clk 01:18:43]}
{[%emt 00:00:47]} 12. Re1 {[%clk 01:14:42]} {[%emt 00:01:14]} Bb4 {[%clk
01:18:55]} {[%emt 00:00:18]} 13. Bd2 {[%clk 01:15:01]} {[%emt 00:00:11]} Bxc3
{[%clk 01:18:59]} {[%emt 00:00:27]} 14. Bxc3 {[%clk 01:15:19]} {[%emt
00:00:12]} Rf8 {[%clk 01:17:59]} {[%emt 00:01:29]} 15. Bb4 {[%clk 01:13:01]}
{[%emt 00:02:49]} Rg8 {[%clk 01:17:11]} {[%emt 00:01:17]} 16. Qf3 {[%clk
01:09:13]} {[%emt 00:04:17]} a5 {[%clk 01:16:40]} {[%emt 00:01:01]} 17. Ba3
{[%clk 01:08:57]} {[%emt 00:00:48]} Rh8 {[%clk 01:14:56]} {[%emt 00:02:12]} 18.
Re3 {[%clk 01:06:20]} {[%emt 00:03:08]} b6 {[%clk 01:14:40]} {[%emt 00:00:46]}
19. Qh3 {[%clk 01:03:51]} {[%emt 00:02:59]} Bd7 {[%clk 01:14:32]} {[%emt
00:00:38]} 20. Rae1 {[%clk 00:59:16]} {[%emt 00:05:05]} g5 {[%clk 01:14:07]}
{[%emt 00:00:54]} 21. Nc6 {[%clk 00:56:35]} {[%emt 00:03:11]} Bxc6 {[%clk
01:12:59]} {[%emt 00:01:38]} 22. Qxe6+ {[%clk 00:55:52]} {[%emt 00:01:14]} Qe7
{[%clk 01:13:09]} {[%emt 00:00:20]} 23. Qxe7# {[%emt 00:00:07]} 1-0

[Event "DEM U10w 2022"]
[Site "Willingen GER"]
[Date "2022.06.06"]
[Round "3"]
[White "Marrufo, Adriana"]
[Black "Margaryan, Mane"]
[Result "0-1"]
[Termination "normal"]
[Board "8"]
[WhiteElo "927"]
[BlackElo "1107"]
[WhiteClock "00:06:51"]
[BlackClock "00:50:53"]
[PlyCount "48"]
[WhiteFideId "34630252"]
[BlackFideId "16268237"]
[EventCountry "GER"]
[EventRounds "11"]
[EventType "swiss"]
[EventDate "2022.06.04"]

1. e4 {[%clk 01:15:56]} {[%emt 00:00:03]} c5 {[%clk 01:15:57]} {[%emt
00:00:04]} 2. Nf3 {[%clk 01:15:57]} {[%emt 00:00:29]} e6 {[%clk 01:16:12]}
{[%emt 00:00:16]} 3. c3 {[%clk 01:15:29]} {[%emt 00:00:57]} d5 {[%clk
01:15:31]} {[%emt 00:01:10]} 4. e5 {[%clk 01:15:10]} {[%emt 00:00:50]} Nc6
{[%clk 01:15:06]} {[%emt 00:00:55]} 5. d4 {[%clk 01:14:54]} {[%emt 00:00:46]}
cxd4 {[%clk 01:15:02]} {[%emt 00:00:34]} 6. cxd4 {[%clk 01:14:33]} {[%emt
00:00:51]} Bb4+ {[%clk 01:14:39]} {[%emt 00:00:53]} 7. Bd2 {[%clk 01:14:37]}
{[%emt 00:00:26]} Bxd2+ {[%clk 01:13:57]} {[%emt 00:01:12]} 8. Nbxd2 {[%clk
01:14:04]} {[%emt 00:01:02]} Nge7 {[%clk 01:13:54]} {[%emt 00:00:34]} 9. Bd3
{[%clk 01:13:18]} {[%emt 00:01:15]} O-O {[%clk 01:13:45]} {[%emt 00:00:40]} 10.
O-O {[%clk 01:12:36]} {[%emt 00:01:13]} Qb6 {[%clk 01:13:13]} {[%emt 00:01:01]}
11. Nb3 {[%clk 01:11:48]} {[%emt 00:01:17]} a5 {[%clk 01:08:49]} {[%emt
00:04:56]} 12. a4 {[%clk 01:11:10]} {[%emt 00:01:07]} Bd7 {[%clk 01:07:55]}
{[%emt 00:01:24]} 13. Bc2 {[%clk 01:10:48]} {[%emt 00:00:52]} Rfc8 {[%clk
01:06:28]} {[%emt 00:01:58]} 14. Qd3 {[%clk 00:53:59]} {[%emt 00:17:17]} Ng6
{[%clk 01:04:54]} {[%emt 00:02:05]} 15. Bd1 {[%clk 00:46:21]} {[%emt 00:08:07]}
Rc7 {[%clk 01:03:10]} {[%emt 00:02:16]} 16. Ra3 {[%clk 00:43:32]} {[%emt
00:03:18]} Rac8 {[%clk 01:02:00]} {[%emt 00:01:39]} 17. Be2 {[%clk 00:40:12]}
{[%emt 00:03:50]} Nb4 {[%clk 01:00:34]} {[%emt 00:01:57]} 18. Qd1 {[%clk
00:34:10]} {[%emt 00:06:31]} Nc2 {[%clk 00:59:34]} {[%emt 00:01:31]} 19. Ra2
{[%clk 00:20:44]} {[%emt 00:13:56]} Qxb3 {[%clk 00:58:59]} {[%emt 00:01:04]}
20. Qb1 {[%clk 00:18:24]} {[%emt 00:02:50]} Qb6 {[%clk 00:55:13]} {[%emt
00:04:16]} 21. b3 {[%clk 00:10:44]} {[%emt 00:08:09]} Nxd4 {[%clk 00:54:42]}
{[%emt 00:01:02]} 22. Rd2 {[%clk 00:08:30]} {[%emt 00:02:43]} Nxf3+ {[%clk
00:53:55]} {[%emt 00:01:20]} 23. Bxf3 {[%clk 00:08:15]} {[%emt 00:00:44]} Nxe5
{[%clk 00:53:42]} {[%emt 00:00:42]} 24. Be2 {[%clk 00:06:51]} {[%emt 00:01:53]}
h6 {[%clk 00:50:53]} {[%emt 00:03:21]} 0-1

[Event "DEM U10w 2022"]
[Site "Willingen GER"]
[Date "2022.06.06"]
[Round "3"]
[White "Stiehler, Ellen"]
[Black "Mersmann, Jasmin"]
[Result "0-1"]
[Termination "normal"]
[Board "9"]
[WhiteElo "918"]
[BlackElo "1099"]
[WhiteClock "01:15:34"]
[BlackClock "01:17:19"]
[PlyCount "36"]
[WhiteFideId "34663908"]
[BlackFideId "34630287"]
[EventCountry "GER"]
[EventRounds "11"]
[EventType "swiss"]
[EventDate "2022.06.04"]

1. e4 {[%clk 01:15:57]} {[%emt 00:00:03]} e5 {[%clk 01:15:56]} {[%emt
00:00:05]} 2. Nf3 {[%clk 01:16:18]} {[%emt 00:00:08]} Nc6 {[%clk 01:16:08]}
{[%emt 00:00:19]} 3. Bc4 {[%clk 01:16:38]} {[%emt 00:00:10]} Bc5 {[%clk
01:16:21]} {[%emt 00:00:17]} 4. O-O {[%clk 01:16:54]} {[%emt 00:00:14]} d6
{[%clk 01:16:38]} {[%emt 00:00:14]} 5. d3 {[%clk 01:16:42]} {[%emt 00:00:41]}
Bg4 {[%clk 01:16:33]} {[%emt 00:00:35]} 6. h3 {[%clk 01:16:59]} {[%emt
00:00:12]} Bh5 {[%clk 01:17:00]} {[%emt 00:00:04]} 7. Nc3 {[%clk 01:17:03]}
{[%emt 00:00:27]} h6 {[%clk 01:17:15]} {[%emt 00:00:15]} 8. Bd2 {[%clk
01:16:55]} {[%emt 00:00:37]} Nf6 {[%clk 01:17:28]} {[%emt 00:00:17]} 9. Na4
{[%clk 01:16:57]} {[%emt 00:00:28]} O-O {[%clk 01:17:30]} {[%emt 00:00:28]} 10.
Nxc5 {[%clk 01:17:07]} {[%emt 00:00:20]} dxc5 {[%clk 01:17:57]} {[%emt
00:00:03]} 11. Bc3 {[%clk 01:17:04]} {[%emt 00:00:32]} Nd4 {[%clk 01:18:01]}
{[%emt 00:00:28]} 12. Bxd4 {[%clk 01:16:55]} {[%emt 00:00:38]} cxd4 {[%clk
01:18:06]} {[%emt 00:00:25]} 13. Qd2 {[%clk 01:16:55]} {[%emt 00:00:30]} Bxf3
{[%clk 01:18:16]} {[%emt 00:00:20]} 14. gxf3 {[%clk 01:16:53]} {[%emt
00:00:31]} Nh5 {[%clk 01:18:30]} {[%emt 00:00:17]} 15. h4 {[%clk 01:15:49]}
{[%emt 00:01:34]} Nf4 {[%clk 01:18:49]} {[%emt 00:00:11]} 16. Qa5 {[%clk
01:15:36]} {[%emt 00:00:44]} Qxh4 {[%clk 01:18:55]} {[%emt 00:00:23]} 17. Qxe5
{[%clk 01:15:52]} {[%emt 00:00:12]} Rad8 {[%clk 01:17:01]} {[%emt 00:02:25]}
18. Qxc7 {[%clk 01:15:34]} {[%emt 00:00:48]} Qg5+ {[%clk 01:17:19]} {[%emt
00:00:13]} 0-1